| 000 | 00000nam##2200000za#4500 |
| 001 | 9.640632 |
| 003 | CaOODSP |
| 005 | 20210624222753 |
| 007 | cr ||||||||||| |
| 008 | 150407|2000||||xxc|||||o f|0| 0 fre|d |
| 040 | |aCaOODSP|bfre |
| 043 | |an-cn--- |
| 086 | 1 |aF2-145/2000F-PDF |
| 110 | 1 |aCanada. |bMinistère des finances. |
| 245 | 10|aPropositions législatives et notes explicatives concernant l'imposition des succursales de banques étrangères / |h[ressource électronique]|cpubliées par l'honorable Paul Martin. |
| 260 | |aOttawa - Ontario : |bFinances Canada |cAoût 2000. |
| 300 | |a77p. |
| 590 | |a12-38-Supp|b2012-09-27 |
| 691 | 07|aBanque|2gcpds |
| 691 | 07|aImpôt sur le revenu|2gcpds |
| 775 | 08|tLegislative proposals and explanatory notes on taxation of foreign bank branches / |w(CaOODSP)9.696520 |
| 776 | 0#|tPropositions législatives et notes explicatives concernant l'imposition des succursales de banques étrangères / |w(CaOODSP)9.681252 |
| 856 | 40|ahttp://publications.gc.ca|qPDF|s284 Ko|uhttps://publications.gc.ca/collections/Collection/F2-145-2000F.pdf |